Capitales de Asia - Estadísticas

Estadísticas generales
  • Esta prueba ha sido intentada 3.552 veces
  • La puntuación promedio es 25 de 48
Estadísticas de respuestas
Hint Respuesta % Correcto
Afganistán Kabul
84%
China Pekín
81%
Arabia Saudita Riad
79%
Corea del Sur Seúl
78%
Japón Tokio
75%
Azerbaiyán Bakú
72%
Armenia Ereván
69%
Chipre Nicosia
68%
Israel Jerusalén
67%
Filipinas Manila
66%
Rusia Moscú
65%
Catar Doha
64%
Bangladés Daca
63%
Emiratos Árabes Unidos Abu Dabi
61%
Irán Teherán
60%
Irak Bagdad
59%
Kuwait Kuwait
58%
Singapur Singapur
58%
Turquía Ankara
56%
Indonesia Yakarta
56%
Georgia Tiflis
55%
Siria Damasco
54%
Corea del Norte Pionyang
54%
Mongolia Ulán Bator
51%
Jordania Amán
49%
Bután Timbu
49%
Líbano Beirut
48%
Baréin Manama
48%
Tailandia Bangkok
47%
Pakistán Islamabad
47%
Malasia Kuala Lumpur
47%
Camboya Nom Pen
47%
Nepal Katmandú
46%
Kazajistán Astaná
44%
Vietnam Hanói
44%
Laos Vientián
41%
Maldivas Malé
40%
Omán Mascate
40%
Yemen Saná
40%
Kirguistán Biskek
37%
Timor Oriental Dili
36%
India Nueva Dheli
35%
Brunéi Bandar Seri Begawan
34%
Birmania Naipyidó
33%
Turkmenistán Asjabad
27%
Uzbekistán Taskent
26%
Tayikistán Dusambé
24%
Sri Lanka Kotte
15%
No se encontraron pruebas coincidentes
Distribución de puntuación
Porcentaje de gente con cada puntuación
Porcentaje por número respondido
Historial de tus puntuaciones
No has intentado esta prueba.